Bolest a naděje : sborník příspěvků z kurzu pro kazatelky a kazatele ČCE, pořádaného Spolkem evangelických kazatelů v Praze 26.1.-30.1.2015

Korporativní autor: Spolek evangelických kazatelů
Další autoři: Bolest a naděje (kurz)
Jazyk: Slovenština
Čeština
Vydáno: Benešov : EMAN, 2016
Vydání: 1. vydání
Edice: Knižnice Spolku evangelických kazatelů
Témata:
Fyzický popis: 97 stran ; 22 cm
Language note: Částečně slovenský text
Knihy
Uloženo v:
LEADER 03088cam a2200805 i 4500
001 nkc20162781153
003 CZ PrNK
005 20160810081056.0
007 ta
008 160208s2016 xr e 100 0 cze d
015 |a cnb002781153 
020 |a 978-80-88060-05-5  |q (brožováno) 
035 |a (OCoLC)956488286 
040 |a ULG001  |b cze  |d OLA001  |d ABA001  |e rda 
041 0 |a cze  |a slo 
045 |a y1y1 
072 7 |a 27-4  |x Praktická teologie. Morální teologie  |2 Konspekt  |9 5 
080 |a 2-185.2  |2 MRF 
080 |a 159.942.5  |2 MRF 
080 |a 27  |2 MRF 
080 |a 274/278-1  |2 MRF 
080 |a 27-662:3  |2 MRF 
080 |a 274/278-726.3  |2 MRF 
080 |a 27-475-051  |2 MRF 
080 |a 27-277.2  |2 MRF 
080 |a (042.3)  |2 MRF 
080 |a (0:82-5)  |2 MRF 
080 |a (082)  |2 MRF 
111 2 |a Bolest a naděje (kurz)  |d (2015 :  |c Praha, Česko)  |7 olak2016920769  |4 aut 
245 1 0 |a Bolest a naděje :  |b sborník příspěvků z kurzu pro kazatelky a kazatele ČCE, pořádaného Spolkem evangelických kazatelů v Praze 26.1.-30.1.2015 
250 |a 1. vydání 
264 1 |a Benešov :  |b EMAN,  |c 2016 
300 |a 97 stran ;  |c 22 cm 
336 |a text  |b txt  |2 rdacontent 
337 |a bez média  |b n  |2 rdamedia 
338 |a svazek  |b nc  |2 rdacarrier 
490 1 |a Knižnice SPEKu ;  |v sv. 20 
504 |a Obsahuje bibliografie a bibliografické odkazy 
546 |a Částečně slovenský text 
648 7 |a 21. století  |7 ch460559  |2 czenas 
650 0 7 |a utrpení  |7 ph126962  |x křesťanské pojetí  |2 czenas 
650 0 7 |a bolest  |7 ph118958  |x křesťanské pojetí  |2 czenas 
650 0 7 |a naděje  |7 ph123158  |x křesťanské pojetí  |2 czenas 
650 0 7 |a protestantská teologie  |7 ph124664  |y 21. století  |2 czenas 
650 0 7 |a křesťanství a společnost  |7 ph138510  |y 21. století  |2 czenas 
650 0 7 |a evangeličtí duchovní  |7 ph120049  |z Česko  |y 21. století  |2 czenas 
650 0 7 |a kazatelé  |7 ph121551  |z Česko  |y 21. století  |2 czenas 
650 0 7 |a biblické citáty  |7 ph118853  |2 czenas 
650 0 9 |a suffering  |x Christian approach  |2 eczenas 
650 0 9 |a pain  |x Christian approach  |2 eczenas 
650 0 9 |a hope  |x Christian approach  |2 eczenas 
650 0 9 |a Protestant theology  |y 21st century  |2 eczenas 
650 0 9 |a Christianity and civilization  |y 21st century  |2 eczenas 
650 0 9 |a Evangelical ministers  |z Czechia  |y 21st century  |2 eczenas 
650 0 9 |a preachers  |z Czechia  |y 21st century  |2 eczenas 
650 0 9 |a Biblical quotations  |2 eczenas 
655 7 |a přednášky  |7 fd133199  |2 czenas 
655 7 |a kázání  |7 fd131846  |2 czenas 
655 7 |a sborníky  |7 fd163935  |2 czenas 
655 9 |a lectures  |2 eczenas 
655 9 |a sermons  |2 eczenas 
655 9 |a papers of several authors  |2 eczenas 
710 2 |a Spolek evangelických kazatelů  |7 kn20040402009  |4 orm 
830 0 |a Knižnice Spolku evangelických kazatelů  |0 s 
910 2 |a BOA001  |b 2-1371.187 
920 |a KN3148000000777426  |z ULG001 
990 |a BK 
995 |a 01 
991 |b 201607  |c NOV 
996 6 |b 2610675695  |c 2-1371.187  |l MZK  |r Sklad / do 1 hodiny  |n 1  |p p.v.  |w 001568490  |u 000010  |a 1  |e BOA001  |j MZK50  |s P